Horizons in biblical theology; (Record no. 6421)
[ view plain ]
| 000 -LEADER | |
|---|---|
| fixed length control field | 00633cas a2200193 4500 |
| 001 - CONTROL NUMBER | |
| control field | 11237715 |
| 005 - DATE AND TIME OF LATEST TRANSACTION | |
| control field | 20250612113615.0 |
| 008 - FIXED-LENGTH DATA ELEMENTS--GENERAL INFORMATION | |
| fixed length control field | 791116c19799999paufr p o 0 a0eng c |
| 050 00 - LIBRARY OF CONGRESS CALL NUMBER | |
| Classification number | BS543.A1 |
| Item number | MAU |
| 245 00 - TITLE STATEMENT | |
| Title | Horizons in biblical theology; |
| Remainder of title | AN INTERNATIONAL DIALOGUE |
| Statement of responsibility, etc. | EDITED BY ULRICH MAUSER |
| 260 ## - PUBLICATION, DISTRIBUTION, ETC. | |
| Place of publication, distribution, etc. | [Pittsburgh, PA], |
| Name of publisher, distributor, etc. | [Clifford E. Barbour Library, Pittsburgh Theological Seminary] |
| Date of publication, distribution, etc. | 1987 |
| 300 ## - PHYSICAL DESCRIPTION | |
| Extent | volumes |
| Dimensions | 22 cm |
| 500 ## - GENERAL NOTE | |
| General note | "An international dialogue." |
| 650 #7 - SUBJECT ADDED ENTRY--TOPICAL TERM | |
| Topical term or geographic name entry element | Theology. |
| Source of heading or term | fast |
| Authority record control number or standard number | (OCoLC)fst01149559 |
| 650 17 - SUBJECT ADDED ENTRY--TOPICAL TERM | |
| Topical term or geographic name entry element | Bijbelse theologie. |
| Source of heading or term | gtt |
| 700 ## - ADDED ENTRY--PERSONAL NAME | |
| Personal name | ULRICH MAUSER |
| 710 2# - ADDED ENTRY--CORPORATE NAME | |
| Corporate name or jurisdiction name as entry element | . |
| 942 ## - ADDED ENTRY ELEMENTS (KOHA) | |
| Source of classification or shelving scheme | Library of Congress Classification |
| Koha item type | Books |
| Suppress in OPAC | No |
| 999 ## - | |
| -- | 6421 |
| -- | 6421 |
| Withdrawn status | Lost status | Source of classification or shelving scheme | Damaged status | Not for loan | Collection | Home library | Current library | Shelving location | Date acquired | Total checkouts | Full call number | Barcode | Date last seen | Copy number | Price effective from | Koha item type |
|---|---|---|---|---|---|---|---|---|---|---|---|---|---|---|---|---|
| Library of Congress Classification | Non-fiction | Undergraduate Library (Christ Temple) | Undergraduate Library (Christ Temple) | General stacks | 06/12/2025 | BS543.A1 MAU | ulct00003217 | 06/12/2025 | 1 | 06/02/2025 | Books |